[Event "12th Capablanca Memorial"]
[Site "Cienfuegos CUB"]
[Date "1975.03.19"]
[Round "12"]
[White "Lebredo Zarragoitia, Gerardo"]
[Black "Forintos, Gyozo"]
[Result "0-1"]
[WhiteElo "2335"]
[BlackElo "2490"]
[EventDate "1975.03.05"]
[WhiteFideId "-1"]
[BlackFideId "-1"]
[PlyCount "71"]
[Beauty "7974298845215"]
[GameId "272191863070"]
[EventType "tourn"]
[EventRounds "17"]
[EventCountry "CUB"]
[EventCategory "8"]
[SourceTitle "EXT 1998"]
[Source "ChessBase"]
[SourceDate "1997.11.17"]
[SourceVersion "1"]
[SourceVersionDate "1997.11.17"]
[SourceQuality "1"]

1.g3 g6 2.Bg2 Bg7 3.c4 c5 4.Nc3 Nc6 5.d3 e6 6.e4 Nge7 7.Nge2 d6 8.O-O O-O 
9.Bg5 a6 10.Qd2 Rb8 11.Bh6 Bxh6 12.Qxh6 b5 13.b3 Kh8 14.Qd2 Qb6 15.Qf4 b4 
16.Qf6+ Kg8 17.Nd1 e5 18.f4 Qd8 19.f5 Nd4 20.Nxd4 cxd4 21.c5 Nc6 22.fxg6 
hxg6 23.cxd6 Be6 24.Rc1 Rc8 25.Nb2 Qxf6 26.Rxf6 Na5 27.Rff1 Nb7 28.Na4 
Rfd8 29.Nb6 Rc3 30.Na4 Rxd3 31.Rc7 Nxd6 32.Nc5 Rc3 33.Nxa6 Ra8 34.Nc5 Bg4 
35.Rc6 Nb7 36.Rc7 0-1

[Event "12th Capablanca Memorial"]
[Site "Cienfuegos CUB"]
[Date "1975.03.19"]
[Round "12"]
[White "Sigurjonsson, Gudmundur"]
[Black "Garcia Gonzales, Guillermo"]
[Result "0-1"]
[WhiteElo "2475"]
[BlackElo "2485"]
[EventDate "1975.03.05"]
[WhiteFideId "-1"]
[BlackFideId "-1"]
[PlyCount "76"]
[Beauty "7768387878929"]
[GameId "272191862988"]
[EventType "tourn"]
[EventRounds "17"]
[EventCountry "CUB"]
[EventCategory "8"]
[SourceTitle "EXT 1998"]
[Source "ChessBase"]
[SourceDate "1997.11.17"]
[SourceVersion "1"]
[SourceVersionDate "1997.11.17"]
[SourceQuality "1"]

1.Nf3 Nf6 2.g3 b5 3.Bg2 Bb7 4.O-O e6 5.d3 Be7 6.e4 O-O 7.a4 bxa4 8.Rxa4 c5
9.Re1 Nc6 10.Nbd2 d5 11.exd5 exd5 12.Nb3 Re8 13.Bg5 Qb6 14.Qc1 Nb4 15.Ne5 
Rad8 16.Bxf6 Qxf6 17.Rxa7 Qb6 18.Ra3 Bc8 19.Nd2 Bf6 20.Ndf3 Qb8 21.d4 cxd4
22.Rb3 Qd6 23.Nd3 Nxd3 24.cxd3 Rxe1+ 25.Qxe1 Bf5 26.h3 Qd7 27.g4 Be6 28.
Qb4 Rc8 29.Qd2 h6 30.Ne1 Qa7 31.f4 Qa1 32.Kh2 g5 33.Nf3 Be7 34.Rb6 Bc5 35.
Rb7 Bd6 36.Ne5 gxf4 37.Qxf4 Qc1 38.Qf6 Qe3 0-1

[Event "12th Capablanca Memorial"]
[Site "Cienfuegos CUB"]
[Date "1975.03.19"]
[Round "12"]
[White "Triana, Justo"]
[Black "Estevez Morales, Guillermo"]
[Result "0-1"]
[WhiteElo "2310"]
[BlackElo "2330"]
[EventDate "1975.03.05"]
[WhiteFideId "-1"]
[BlackFideId "-1"]
[PlyCount "72"]
[Beauty "7903566105097"]
[GameId "272191863071"]
[EventType "tourn"]
[EventRounds "17"]
[EventCountry "CUB"]
[EventCategory "8"]
[SourceTitle "EXT 1998"]
[Source "ChessBase"]
[SourceDate "1997.11.17"]
[SourceVersion "1"]
[SourceVersionDate "1997.11.17"]
[SourceQuality "1"]

1.e4 c5 2.Nf3 e6 3.d4 cxd4 4.Nxd4 Nc6 5.Nxc6 bxc6 6.Bd3 Nf6 7.O-O d6 8.b3 
Be7 9.Bb2 e5 10.f4 Bg4 11.Qe1 exf4 12.Rxf4 Be6 13.Nd2 O-O 14.Qe2 Nd7 15.
Nc4 Bxc4 16.Bxc4 Bf6 17.Bxf6 Nxf6 18.Raf1 Qe7 19.Rxf6 gxf6 20.Qh5 Kh8 21.
Bd3 f5 22.Qxf5 f6 23.Rf3 a5 24.Rh3 Rf7 25.Bc4 Rg7 26.Rg3 Rg5 27.Rxg5 fxg5 
28.Bd3 Qe5 29.Qf7 Qg7 30.Qc4 Qe5 31.Qf7 Qd4+ 32.Kh1 Qa1+ 33.Bf1 Qg7 34.Qc4
Rf8 35.Kg1 Qa7+ 36.Kh1 Qf2 0-1

[Event "12th Capablanca Memorial"]
[Site "Cienfuegos CUB"]
[Date "1975.03.19"]
[Round "12"]
[White "Vasiukov, Evgeny"]
[Black "Hernandez, Jose de Jesus"]
[Result "1/2-1/2"]
[WhiteElo "2560"]
[BlackElo "2310"]
[EventDate "1975.03.05"]
[WhiteFideId "-1"]
[BlackFideId "-1"]
[PlyCount "117"]
[Beauty "5156376679944"]
[GameId "272191863072"]
[EventType "tourn"]
[EventRounds "17"]
[EventCountry "CUB"]
[EventCategory "8"]
[SourceTitle "EXT 1998"]
[Source "ChessBase"]
[SourceDate "1997.11.17"]
[SourceVersion "1"]
[SourceVersionDate "1997.11.17"]
[SourceQuality "1"]

1.e4 c5 2.Nf3 e6 3.c3 d5 4.exd5 exd5 5.d4 Nc6 6.Be3 cxd4 7.Bxd4 Nxd4 8.
Qxd4 a6 9.Bd3 Nf6 10.O-O Be7 11.Nbd2 O-O 12.Rfe1 Qc7 13.Nb3 Bd6 14.g3 Bd7 
15.Nh4 Rfe8 16.Nf5 Bxf5 17.Bxf5 Rad8 18.Rad1 Re5 19.Rxe5 Bxe5 20.Qc5 Qxc5 
21.Nxc5 Bc7 22.b4 Rb8 23.Kf1 g6 24.Bh3 Kf8 25.Bg2 Bd6 26.Nb3 Rd8 27.Na5 
Rd7 28.Rd3 Ke7 29.a3 Rc7 30.Re3+ Kf8 31.f4 b6 32.Nb3 Ne4 33.Bxe4 dxe4 34.
Nd4 Rc4 35.Ke2 f5 36.Kd2 Kf7 37.Kc2 h5 38.Kb3 Rc8 39.Re2 Be7 40.Rd2 Bf6 
41.Ne2 Ke6 42.h4 Rc7 43.a4 Rd7 44.Rxd7 Kxd7 45.b5 a5 46.Kc4 Ke6 47.Nd4+ 
Bxd4 48.Kxd4 Kd6 49.c4 Kc7 50.Ke3 Kd7 51.Kd4 Kd6 52.c5+ bxc5+ 53.Kc4 Kc7 
54.Kc3 Kd7 55.Kc4 Kd6 56.Kc3 Kd5 57.Kd2 c4 58.Ke3 Kc5 59.Kd2 1/2-1/2

[Event "12th Capablanca Memorial"]
[Site "Cienfuegos CUB"]
[Date "1975.03.19"]
[Round "12"]
[White "Vogt, Lothar"]
[Black "Garcia Martinez, Silvino"]
[Result "1/2-1/2"]
[WhiteElo "2450"]
[BlackElo "2445"]
[EventDate "1975.03.05"]
[WhiteFideId "-1"]
[BlackFideId "-1"]
[PlyCount "53"]
[Beauty "6598814597129"]
[GameId "272191863073"]
[EventType "tourn"]
[EventRounds "17"]
[EventCountry "CUB"]
[EventCategory "8"]
[SourceTitle "EXT 1998"]
[Source "ChessBase"]
[SourceDate "1997.11.17"]
[SourceVersion "1"]
[SourceVersionDate "1997.11.17"]
[SourceQuality "1"]

1.e4 c5 2.Nf3 d6 3.d4 cxd4 4.Nxd4 Nf6 5.Nc3 a6 6.Be2 e6 7.f4 Qc7 8.O-O Be7
9.Kh1 O-O 10.Qe1 b5 11.Bf3 Bb7 12.e5 dxe5 13.fxe5 Nfd7 14.Qg3 Bxf3 15.Nxf3
f5 16.Nd4 Qb6 17.Be3 Bc5 18.Nce2 Re8 19.Rad1 Bxd4 20.Nxd4 Qb7 21.Qf3 Qxf3 
22.Nxf3 Rc8 23.Rd6 Nf8 24.Nd4 Nbd7 25.Nxe6 Nxe5 26.Nxf8 Nc4 27.Re6 1/2-1/2

[Event "12th Capablanca Memorial"]
[Site "Cienfuegos CUB"]
[Date "1975.03.20"]
[Round "13"]
[White "Andersson, Ulf"]
[Black "Lebredo Zarragoitia, Gerardo"]
[Result "1-0"]
[WhiteElo "2565"]
[BlackElo "2335"]
[EventDate "1975.03.05"]
[WhiteFideId "-1"]
[BlackFideId "-1"]
[PlyCount "71"]
[Beauty "7976160882231"]
[GameId "272191862956"]
[EventType "tourn"]
[EventRounds "17"]
[EventCountry "CUB"]
[EventCategory "8"]
[SourceTitle "EXT 1998"]
[Source "ChessBase"]
[SourceDate "1997.11.17"]
[SourceVersion "1"]
[SourceVersionDate "1997.11.17"]
[SourceQuality "1"]

1.Nf3 Nf6 2.c4 d6 3.Nc3 e5 4.g3 Be7 5.Bg2 O-O 6.O-O Nbd7 7.Qc2 c6 8.d4 Re8
9.c5 exd4 10.cxd6 dxc3 11.dxe7 Qxe7 12.Qxc3 Qxe2 13.Re1 Qb5 14.Bg5 Rxe1+ 
15.Rxe1 h6 16.Bf4 Qc5 17.Qd2 Nb6 18.Bxh6 gxh6 19.Qxh6 Qxf2+ 20.Kh1 Bh3 21.
Qg5+ Kf8 22.Bxh3 Nbd5 23.Qh6+ Kg8 24.Qg5+ Kf8 25.Qh6+ Kg8 26.Rf1 Qxb2 27.
Ng5 Re8 28.Bf5 Re7 29.h4 Qc3 30.Kh2 Qc2+ 31.Kh3 Qc3 32.Nh7 Nxh7 33.Bxh7+ 
Kh8 34.Bg6+ Kg8 35.Qh7+ Kf8 36.Rxf7+ 1-0

[Event "12th Capablanca Memorial"]
[Site "Cienfuegos CUB"]
[Date "1975.03.20"]
[Round "13"]
[White "Estevez Morales, Guillermo"]
[Black "Diaz Diaz, Joaquin"]
[Result "0-1"]
[WhiteElo "2330"]
[BlackElo "2335"]
[EventDate "1975.03.05"]
[WhiteFideId "-1"]
[BlackFideId "-1"]
[PlyCount "57"]
[Beauty "8249025500682"]
[GameId "272191863074"]
[EventType "tourn"]
[EventRounds "17"]
[EventCountry "CUB"]
[EventCategory "8"]
[SourceTitle "EXT 1998"]
[Source "ChessBase"]
[SourceDate "1997.11.17"]
[SourceVersion "1"]
[SourceVersionDate "1997.11.17"]
[SourceQuality "1"]

1.d4 g6 2.c4 Bg7 3.Nc3 d6 4.e4 Nf6 5.Nf3 O-O 6.Be2 e5 7.O-O exd4 8.Nxd4 
Re8 9.f3 c6 10.Nc2 a6 11.Kh1 b5 12.Bg5 h6 13.Bh4 Bb7 14.f4 Qc7 15.e5 dxe5 
16.Bxf6 Bxf6 17.f5 gxf5 18.Rxf5 Bg7 19.Bh5 Rf8 20.Ne3 e4 21.Nxe4 Qe7 22.
Rf4 Bc8 23.Qf3 Bxb2 24.Rf1 Bg7 25.Bxf7+ Kh8 26.Qh5 Nd7 27.Ng4 Nf6 28.Rxf6 
Qxe4 29.Rxh6+ 0-1

[Event "12th Capablanca Memorial"]
[Site "Cienfuegos CUB"]
[Date "1975.03.20"]
[Round "13"]
[White "Forintos, Gyozo"]
[Black "Jansa, Vlastimil"]
[Result "1-0"]
[WhiteElo "2490"]
[BlackElo "2540"]
[EventDate "1975.03.05"]
[WhiteFideId "-1"]
[BlackFideId "-1"]
[PlyCount "77"]
[Beauty "7767448357430"]
[GameId "272191863075"]
[EventType "tourn"]
[EventRounds "17"]
[EventCountry "CUB"]
[EventCategory "8"]
[SourceTitle "EXT 1998"]
[Source "ChessBase"]
[SourceDate "1997.11.17"]
[SourceVersion "1"]
[SourceVersionDate "1997.11.17"]
[SourceQuality "1"]

1.d4 Nf6 2.c4 c5 3.d5 e5 4.Nc3 d6 5.e4 Be7 6.g3 O-O 7.Bg2 Ne8 8.Nge2 a6 9.
O-O Nd7 10.Be3 g6 11.a3 Ng7 12.Qd2 f5 13.f3 Nf6 14.h3 Bd7 15.Kh2 b5 16.
cxb5 axb5 17.b4 c4 18.Rfb1 Nfh5 19.g4 fxg4 20.hxg4 Nf4 21.Nxf4 exf4 22.
Bxf4 Rxf4 23.Qxf4 Bf6 24.Qe3 g5 25.Kg1 Be5 26.Ra2 Qf6 27.Ne2 Rf8 28.Rf1 
Qh6 29.Rf2 Qh4 30.Rc2 h5 31.Rc1 Qh2+ 32.Kf1 h4 33.f4 gxf4 34.Qf3 Rf6 35.
Bh3 Qg3 36.Nxg3 hxg3 37.Rd2 Rh6 38.Kg2 Ne8 39.Rh1 1-0

[Event "12th Capablanca Memorial"]
[Site "Cienfuegos CUB"]
[Date "1975.03.20"]
[Round "13"]
[White "Garcia Gonzales, Guillermo"]
[Black "Triana, Justo"]
[Result "1/2-1/2"]
[WhiteElo "2485"]
[BlackElo "2310"]
[EventDate "1975.03.05"]
[WhiteFideId "-1"]
[BlackFideId "-1"]
[PlyCount "21"]
[Beauty "6597069766657"]
[GameId "272191863076"]
[EventType "tourn"]
[EventRounds "17"]
[EventCountry "CUB"]
[EventCategory "8"]
[SourceTitle "EXT 1998"]
[Source "ChessBase"]
[SourceDate "1997.11.17"]
[SourceVersion "1"]
[SourceVersionDate "1997.11.17"]
[SourceQuality "1"]

1.d4 d5 2.c4 c6 3.cxd5 cxd5 4.Nf3 Nf6 5.Nc3 Nc6 6.Bf4 e6 7.e3 Bd6 8.Bxd6 
Qxd6 9.Bd3 O-O 10.O-O Bd7 11.Qd2 1/2-1/2

[Event "12th Capablanca Memorial"]
[Site "Cienfuegos CUB"]
[Date "1975.03.20"]
[Round "13"]
[White "Garcia Martinez, Silvino"]
[Black "Sigurjonsson, Gudmundur"]
[Result "0-1"]
[WhiteElo "2445"]
[BlackElo "2475"]
[EventDate "1975.03.05"]
[WhiteFideId "-1"]
[BlackFideId "-1"]
[PlyCount "83"]
[Beauty "7561847767049"]
[GameId "272191863077"]
[EventType "tourn"]
[EventRounds "17"]
[EventCountry "CUB"]
[EventCategory "8"]
[SourceTitle "EXT 1998"]
[Source "ChessBase"]
[SourceDate "1997.11.17"]
[SourceVersion "1"]
[SourceVersionDate "1997.11.17"]
[SourceQuality "1"]

1.e4 c5 2.Nf3 d6 3.d4 cxd4 4.Nxd4 Nf6 5.Nc3 a6 6.Be2 e6 7.f4 Qc7 8.O-O Be7
9.Be3 Nc6 10.Qe1 O-O 11.Qg3 Nxd4 12.Bxd4 b5 13.a3 Bb7 14.Kh1 Bc6 15.Bd3 
Rab8 16.e5 Ne8 17.Qh3 g6 18.Nd1 dxe5 19.fxe5 Ng7 20.Ne3 Rbd8 21.c3 h5 22.
Rf2 Qb7 23.Qg3 Be4 24.Bxe4 Qxe4 25.Rf4 Qc6 26.Raf1 Rd7 27.h3 a5 28.R1f2 b4
29.axb4 axb4 30.cxb4 Bxb4 31.Rc2 Qb5 32.Qf3 Rfd8 33.Rc4 Bd2 34.Bc3 Bxc3 
35.bxc3 Qxe5 36.Rfe4 Qa5 37.Kh2 Rd3 38.Qf4 Rxc3 39.Rxc3 Qxc3 40.Rc4 Qd2 
41.Qf6 Qd6+ 42.Kg1 0-1

[Event "12th Capablanca Memorial"]
[Site "Cienfuegos CUB"]
[Date "1975.03.20"]
[Round "13"]
[White "Hernandez, Jose de Jesus"]
[Black "Vogt, Lothar"]
[Result "0-1"]
[WhiteElo "2310"]
[BlackElo "2450"]
[EventDate "1975.03.05"]
[WhiteFideId "-1"]
[BlackFideId "-1"]
[PlyCount "82"]
[Beauty "7564511161888"]
[GameId "272191863078"]
[EventType "tourn"]
[EventRounds "17"]
[EventCountry "CUB"]
[EventCategory "8"]
[SourceTitle "EXT 1998"]
[Source "ChessBase"]
[SourceDate "1997.11.17"]
[SourceVersion "1"]
[SourceVersionDate "1997.11.17"]
[SourceQuality "1"]

1.d4 Nf6 2.c4 d6 3.Nc3 Nbd7 4.e4 e5 5.d5 g6 6.Be3 Bg7 7.f3 O-O 8.Qd2 Nh5 
9.Bd3 c5 10.g4 Nf4 11.h4 a6 12.Rh2 b5 13.b3 bxc4 14.bxc4 Rb8 15.Rb1 Rxb1+ 
16.Bxb1 Qa5 17.Nd1 Qb6 18.Qc1 a5 19.Rb2 Qd8 20.Bf2 Ba6 21.Ne3 Bf6 22.h5 
gxh5 23.gxh5 Kh8 24.Ne2 Nxh5 25.Nf5 Bg5 26.Be3 Bxe3 27.Qxe3 Qf6 28.Qc3 Rg8
29.Bd3 Bc8 30.Qxa5 Nf8 31.Rb8 Bxf5 32.Qa8 Qh6 33.exf5 Nf6 34.Rd8 N6d7 35.
Kd1 Qh1+ 36.Kd2 Qxf3 37.Qa5 e4 38.Qc3+ Ne5 39.Bc2 e3+ 40.Kc1 Qxe2 41.Rxd6 
Qd2+ 0-1

[Event "12th Capablanca Memorial"]
[Site "Cienfuegos CUB"]
[Date "1975.03.20"]
[Round "13"]
[White "Pesantes Carbajal, Carlos"]
[Black "Balashov, Yury"]
[Result "0-1"]
[WhiteElo "2330"]
[BlackElo "2540"]
[EventDate "1975.03.05"]
[WhiteFideId "-1"]
[BlackFideId "-1"]
[PlyCount "86"]
[Beauty "7424408814170"]
[GameId "272191862982"]
[EventType "tourn"]
[EventRounds "17"]
[EventCountry "CUB"]
[EventCategory "8"]
[SourceTitle "EXT 1998"]
[Source "ChessBase"]
[SourceDate "1997.11.17"]
[SourceVersion "1"]
[SourceVersionDate "1997.11.17"]
[SourceQuality "1"]

1.d4 Nf6 2.Nf3 b6 3.c4 e6 4.Nc3 Bb7 5.a3 d5 6.cxd5 exd5 7.Bg5 Be7 8.e3 O-O
9.Bd3 Nbd7 10.O-O c5 11.Rc1 Ne4 12.Bf4 Nxc3 13.Rxc3 c4 14.Bb1 b5 15.Re1 
Nf6 16.Ne5 a5 17.Rc1 Ra6 18.h3 a4 19.Qc2 Bc8 20.Rcd1 g6 21.f3 Nh5 22.Bh6 
Re8 23.g4 Ng7 24.f4 Bf8 25.Qg2 f6 26.Bxg7 Kxg7 27.Nf3 b4 28.g5 bxa3 29.
gxf6+ Qxf6 30.bxa3 Rb6 31.Bc2 Rb2 32.Rb1 c3 33.Ne5 Qh4 34.Re2 Qxh3 35.f5 
Rxb1+ 36.Bxb1 Bxf5 37.Qxd5 Qg3+ 38.Kh1 Qh3+ 39.Kg1 Qg3+ 40.Kh1 Bxb1 41.
Qb7+ Be7 42.Qxb1 Rf8 43.Rh2 Rf5 0-1

[Event "12th Capablanca Memorial"]
[Site "Cienfuegos CUB"]
[Date "1975.03.20"]
[Round "13"]
[White "Razuvaev, Yury"]
[Black "Vasiukov, Evgeny"]
[Result "1/2-1/2"]
[WhiteElo "2510"]
[BlackElo "2560"]
[EventDate "1975.03.05"]
[WhiteFideId "-1"]
[BlackFideId "-1"]
[PlyCount "33"]
[Beauty "6598411943941"]
[GameId "272191863079"]
[EventType "tourn"]
[EventRounds "17"]
[EventCountry "CUB"]
[EventCategory "8"]
[SourceTitle "EXT 1998"]
[Source "ChessBase"]
[SourceDate "1997.11.17"]
[SourceVersion "1"]
[SourceVersionDate "1997.11.17"]
[SourceQuality "1"]

1.e4 e6 2.d4 d5 3.exd5 exd5 4.Bd3 Nc6 5.c3 Bd6 6.Ne2 Nf6 7.Bf4 O-O 8.O-O 
Re8 9.Bxd6 Qxd6 10.Nd2 Bg4 11.f3 Bh5 12.Ng3 Bg6 13.Bxg6 hxg6 14.Re1 Rxe1+ 
15.Qxe1 Re8 16.Qf2 Qe7 17.Kf1 1/2-1/2

[Event "12th Capablanca Memorial"]
[Site "Cienfuegos CUB"]
[Date "1975.03.20"]
[Round "13"]
[White "Sydor, Andrzej"]
[Black "Ermenkov, Evgeny"]
[Result "1/2-1/2"]
[WhiteElo "2395"]
[BlackElo "2450"]
[EventDate "1975.03.05"]
[WhiteFideId "-1"]
[BlackFideId "-1"]
[PlyCount "25"]
[Beauty "6597069766659"]
[GameId "272191863080"]
[EventType "tourn"]
[EventRounds "17"]
[EventCountry "CUB"]
[EventCategory "8"]
[SourceTitle "EXT 1998"]
[Source "ChessBase"]
[SourceDate "1997.11.17"]
[SourceVersion "1"]
[SourceVersionDate "1997.11.17"]
[SourceQuality "1"]

1.f4 c5 2.Nf3 Nc6 3.g3 Nf6 4.Bg2 g6 5.O-O Bg7 6.d3 d5 7.Nc3 d4 8.Na4 Nd7 
9.c4 O-O 10.a3 Qc7 11.Rb1 b6 12.b4 Bb7 13.e4 1/2-1/2

[Event "12th Capablanca Memorial"]
[Site "Cienfuegos CUB"]
[Date "1975.03.22"]
[Round "14"]
[White "Balashov, Yury"]
[Black "Sydor, Andrzej"]
[Result "1/2-1/2"]
[WhiteElo "2540"]
[BlackElo "2395"]
[EventDate "1975.03.05"]
[WhiteFideId "-1"]
[BlackFideId "-1"]
[PlyCount "49"]
[Beauty "6598277731337"]
[GameId "272191862962"]
[EventType "tourn"]
[EventRounds "17"]
[EventCountry "CUB"]
[EventCategory "8"]
[SourceTitle "EXT 1998"]
[Source "ChessBase"]
[SourceDate "1997.11.17"]
[SourceVersion "1"]
[SourceVersionDate "1997.11.17"]
[SourceQuality "1"]

1.e4 e5 2.f4 d5 3.exd5 c6 4.Nc3 exf4 5.Nf3 Nf6 6.d4 Bd6 7.Be2 Nxd5 8.O-O 
O-O 9.Nxd5 cxd5 10.Ne5 g5 11.Bd3 f6 12.Qh5 Qe7 13.Ng4 Nc6 14.c3 Kh8 15.Nh6
Bc7 16.Bd2 Bd7 17.Rae1 Qg7 18.Nf5 Qf7 19.Qf3 Rae8 20.Nh6 Qg7 21.Nf5 Qf7 
22.Nh6 Qg7 23.Rxe8 Bxe8 24.Nf5 Qd7 25.g4 1/2-1/2

[Event "12th Capablanca Memorial"]
[Site "Cienfuegos CUB"]
[Date "1975.03.22"]
[Round "14"]
[White "Diaz Diaz, Joaquin"]
[Black "Ermenkov, Evgeny"]
[Result "1-0"]
[WhiteElo "2335"]
[BlackElo "2450"]
[EventDate "1975.03.05"]
[WhiteFideId "-1"]
[BlackFideId "-1"]
[PlyCount "65"]
[Beauty "8179362585682"]
[GameId "272191863081"]
[EventType "tourn"]
[EventRounds "17"]
[EventCountry "CUB"]
[EventCategory "8"]
[SourceTitle "EXT 1998"]
[Source "ChessBase"]
[SourceDate "1997.11.17"]
[SourceVersion "1"]
[SourceVersionDate "1997.11.17"]
[SourceQuality "1"]

1.e4 c6 2.d4 d5 3.Nc3 dxe4 4.Nxe4 Nf6 5.Nxf6+ gxf6 6.Nf3 Bg4 7.Be2 e6 8.c3
Bd6 9.Nh4 Bxe2 10.Qxe2 Qe7 11.O-O Na6 12.Re1 O-O-O 13.Nf5 Qc7 14.Nxd6+ 
Qxd6 15.Qh5 Qd7 16.b4 Nc7 17.a4 Rdg8 18.g3 Rg6 19.Qa5 h5 20.Qxa7 h4 21.Bf4
Rh5 22.b5 hxg3 23.fxg3 cxb5 24.axb5 Qxb5 25.Reb1 Qc6 26.Rb6 Qf3 27.Rf1 Qd5
28.Rfb1 e5 29.Rxb7 Qc4 30.Bd2 f5 31.Qb8+ Kd7 32.Rxc7+ Qxc7 33.Rb7 1-0

[Event "12th Capablanca Memorial"]
[Site "Cienfuegos CUB"]
[Date "1975.03.22"]
[Round "14"]
[White "Jansa, Vlastimil"]
[Black "Andersson, Ulf"]
[Result "1/2-1/2"]
[WhiteElo "2540"]
[BlackElo "2565"]
[EventDate "1975.03.05"]
[WhiteFideId "-1"]
[BlackFideId "-1"]
[PlyCount "82"]
[Beauty "6051361466385"]
[GameId "272191862978"]
[EventType "tourn"]
[EventRounds "17"]
[EventCountry "CUB"]
[EventCategory "8"]
[SourceTitle "EXT 1998"]
[Source "ChessBase"]
[SourceDate "1997.11.17"]
[SourceVersion "1"]
[SourceVersionDate "1997.11.17"]
[SourceQuality "1"]

1.e4 c5 2.Nf3 d6 3.d4 cxd4 4.Nxd4 Nf6 5.Nc3 e6 6.g4 h6 7.h4 Nc6 8.Rg1 h5 
9.gxh5 Rxh5 10.Bg5 Rh8 11.h5 a6 12.Nxc6 bxc6 13.Qf3 Be7 14.e5 dxe5 15.h6 
gxh6 16.Bxf6 Bxf6 17.Rd1 Bd7 18.Ne4 Be7 19.Rg7 Rf8 20.Bc4 Qc7 21.Kf1 a5 
22.a4 Rd8 23.Nf6+ Bxf6 24.Qxf6 Bc8 25.Rxd8+ Qxd8 26.Qxe5 Qd1+ 27.Kg2 Qxc2 
28.b3 Qf5 29.Qd6 Bd7 30.Rg3 Qe4+ 31.Kh2 Qe1 32.Qd4 Qb4 33.Qa7 Ke7 34.Kg2 
Rb8 35.Qe3 Qd6 36.Qxh6 Qe5 37.Qh4+ Qf6 38.Qh5 Qf5 39.Qh4+ Qf6 40.Qh5 Qf5 
41.Qh4+ Qf6 1/2-1/2

[Event "12th Capablanca Memorial"]
[Site "Cienfuegos CUB"]
[Date "1975.03.22"]
[Round "14"]
[White "Lebredo Zarragoitia, Gerardo"]
[Black "Pesantes Carbajal, Carlos"]
[Result "1-0"]
[WhiteElo "2335"]
[BlackElo "2330"]
[EventDate "1975.03.05"]
[WhiteFideId "-1"]
[BlackFideId "-1"]
[PlyCount "93"]
[Beauty "7216618799111"]
[GameId "272191863082"]
[EventType "tourn"]
[EventRounds "17"]
[EventCountry "CUB"]
[EventCategory "8"]
[SourceTitle "EXT 1998"]
[Source "ChessBase"]
[SourceDate "1997.11.17"]
[SourceVersion "1"]
[SourceVersionDate "1997.11.17"]
[SourceQuality "1"]

1.Nf3 Nf6 2.c4 c6 3.e3 d5 4.Nc3 Nbd7 5.cxd5 cxd5 6.Be2 a6 7.d4 e6 8.O-O 
Bd6 9.b3 b5 10.Bb2 O-O 11.Rc1 Bb7 12.a4 b4 13.Nb1 Rc8 14.Rxc8 Qxc8 15.Nbd2
Qb8 16.h3 e5 17.dxe5 Bxe5 18.Nxe5 Nxe5 19.Nf3 Ned7 20.Qd4 Qd6 21.Rc1 Rc8 
22.Rxc8+ Bxc8 23.Ne5 Nxe5 24.Qxe5 Qxe5 25.Bxe5 Ne4 26.Bc7 Nc5 27.Bd1 Nb7 
28.Bb6 Bf5 29.Be2 Bc2 30.Bxa6 Nd6 31.Bc5 Ne8 32.Bxb4 Bxb3 33.a5 Nc7 34.Be2
Ba4 35.Kf1 f5 36.Ke1 Kf7 37.Kd2 Ke6 38.Kc3 Bb5 39.Bf3 Kd7 40.Kd4 Kc6 41.
Ke5 Bc4 42.Kxf5 Na6 43.Bf8 g6+ 44.Ke5 Nb8 45.Kd4 Nd7 46.Be7 Nb8 47.Bg5 1-0

[Event "12th Capablanca Memorial"]
[Site "Cienfuegos CUB"]
[Date "1975.03.22"]
[Round "14"]
[White "Sigurjonsson, Gudmundur"]
[Black "Hernandez, Jose de Jesus"]
[Result "1/2-1/2"]
[WhiteElo "2475"]
[BlackElo "2310"]
[EventDate "1975.03.05"]
[WhiteFideId "-1"]
[BlackFideId "-1"]
[PlyCount "82"]
[Beauty "6048924569098"]
[GameId "272191863083"]
[EventType "tourn"]
[EventRounds "17"]
[EventCountry "CUB"]
[EventCategory "8"]
[SourceTitle "EXT 1998"]
[Source "ChessBase"]
[SourceDate "1997.11.17"]
[SourceVersion "1"]
[SourceVersionDate "1997.11.17"]
[SourceQuality "1"]

1.Nf3 d5 2.c4 e6 3.b3 Nf6 4.Bb2 Be7 5.cxd5 exd5 6.e3 O-O 7.Be2 Nc6 8.O-O 
h6 9.d3 a5 10.a3 Re8 11.Nbd2 Bf5 12.Qc2 Bd6 13.Bc3 Qe7 14.Qb2 Ne5 15.Nxe5 
Bxe5 16.Bxe5 Qxe5 17.Qxe5 Rxe5 18.Rfc1 c6 19.Nf3 Ree8 20.Rc3 Kf8 21.Rac1 
Ke7 22.Nd4 Bd7 23.Bf3 Kd6 24.Ne2 Ra6 25.d4 g5 26.Ng3 b5 27.Rc5 Rb6 28.Kf1 
g4 29.Be2 h5 30.Bd3 h4 31.Nf5+ Bxf5 32.Bxf5 g3 33.Ke2 gxf2 34.Rf1 Ne4 35.
Bxe4 Rxe4 36.Rxf2 Rb7 37.Rf6+ Re6 38.Rxe6+ fxe6 39.Rc2 Rf7 40.Rc1 Rf6 41.
Rg1 e5 1/2-1/2

[Event "12th Capablanca Memorial"]
[Site "Cienfuegos CUB"]
[Date "1975.03.22"]
[Round "14"]
[White "Triana, Justo"]
[Black "Garcia Martinez, Silvino"]
[Result "1/2-1/2"]
[WhiteElo "2310"]
[BlackElo "2445"]
[EventDate "1975.03.05"]
[WhiteFideId "-1"]
[BlackFideId "-1"]
[PlyCount "40"]
[Beauty "6597069766660"]
[GameId "272191863084"]
[EventType "tourn"]
[EventRounds "17"]
[EventCountry "CUB"]
[EventCategory "8"]
[SourceTitle "EXT 1998"]
[Source "ChessBase"]
[SourceDate "1997.11.17"]
[SourceVersion "1"]
[SourceVersionDate "1997.11.17"]
[SourceQuality "1"]

1.e4 e6 2.d4 d5 3.exd5 exd5 4.Bd3 Qe7+ 5.Qe2 Qxe2+ 6.Nxe2 Ne7 7.c3 Bf5 8.
Bxf5 Nxf5 9.Bf4 Bd6 10.Bxd6 Nxd6 11.f3 Nd7 12.Nd2 Nb6 13.Kf2 Nbc4 14.Nxc4 
Nxc4 15.b3 Nd6 16.Rhe1 O-O-O 17.Nf4 c6 18.Re7 Rhe8 19.Rae1 Rxe7 20.Rxe7 
Re8 1/2-1/2

[Event "12th Capablanca Memorial"]
[Site "Cienfuegos CUB"]
[Date "1975.03.22"]
[Round "14"]
[White "Vasiukov, Evgeny"]
[Black "Forintos, Gyozo"]
[Result "1-0"]
[WhiteElo "2560"]
[BlackElo "2490"]
[EventDate "1975.03.05"]
[WhiteFideId "-1"]
[BlackFideId "-1"]
[PlyCount "81"]
[Beauty "7630412059702"]
[GameId "272191863085"]
[EventType "tourn"]
[EventRounds "17"]
[EventCountry "CUB"]
[EventCategory "8"]
[SourceTitle "EXT 1998"]
[Source "ChessBase"]
[SourceDate "1997.11.17"]
[SourceVersion "1"]
[SourceVersionDate "1997.11.17"]
[SourceQuality "1"]

1.e4 e6 2.d4 d5 3.Nd2 c5 4.Ngf3 Nc6 5.Bb5 cxd4 6.Nxd4 Bd7 7.Nxc6 Bxc6 8.
Qe2 Nf6 9.Bxc6+ bxc6 10.O-O Be7 11.e5 Nd7 12.Re1 Qc7 13.Qg4 g6 14.Qg3 Rb8 
15.a3 a5 16.Rb1 Rb7 17.Nf3 Bxa3 18.h4 Bb4 19.Re2 Be7 20.Ra1 Nc5 21.h5 Ne4 
22.Qh3 g5 23.c3 Rg8 24.Qg4 h6 25.Rxe4 dxe4 26.Qxe4 Rb5 27.g4 Rh8 28.c4 Rb4
29.Bd2 Rxb2 30.Bc3 Rb7 31.Rxa5 Kf8 32.Ra6 Kg7 33.Nd4 Ra7 34.Rxc6 Qb7 35.
Nxe6+ fxe6 36.Qg6+ Kf8 37.Qxe6 Qb1+ 38.Kh2 Qc2 39.Bd4 Rb7 40.Qc8+ Kg7 41.
Qxb7 1-0